• 首页
  • 本馆介绍
  • 公告通知
  • 最新文献
  • 馆藏检索
  • 电子资源
  • 读者导购
  • 参考咨询
  • 我的图书馆
  • 登录
  • 详细信息显示
  • 放入我的书架
  • 预约/预借图书
  • 作者相关作品
  • 分类相关作品
  • 丛书相关作品
  • 出版社相关作品

书目信息

  • 表格格式
  • 工作单格式
  • 卡片格式
题名:
电视剧制片管理
    
 
作者: 陈晓春 , 张宏 著
分册:  
出版信息: 北京   北京大学出版社  2005
页数: 12,420页
开本: 23cm
丛书名: 北京大学影视艺术丛书
单 册:
中图分类: J941.1
科图分类:
主题词: 电视剧--电视制片--管理学 , 电视剧 , 电视制片 , 管理学
电子资源:
ISBN: 7-301-07814-5
000 01153oam2 2200325 450
001 012007205379
005 20070517092743.41
010    @a7-301-07814-5@dCNY48.00(含光盘)
100    @a20070514d2005 km y0chiy0120 ea
101 0  @achi
102    @aCN@b110000
105    @ay z 000yy
106    @ar
200 1  @a电视剧制片管理@Adian shi ju zhi pian guan li@e从项目策划到市场营销@f陈晓春,张宏著@Fchen xiao chun,zhang hong zhu
210    @a北京@c北京大学出版社@d2005
215    @a12,420页@d23cm@e光盘1片
225 2  @a北京大学影视艺术丛书
307    @a光盘ISBN:7-900684-15-8
330    @a本书试图从学术上建构制片管理这门学科的内容体系,包括制片管理导论、电视剧项目的总体策划、电视剧项目的题材选择、电视剧项目的剧本策划等。
461  0 @12001 @a北京大学影视艺术丛书
517 1  @a从项目策划到市场营销@Acong xiang mu ce hua dao shi chang ying xiao
606 0  @a电视剧@x电视制片@x管理学
606 0  @a电视剧
606 0  @a电视制片
606 0  @a管理学
690    @aJ941.1@v4
701  0 @a陈晓春@Achen xiao chun@f(1963.2~)@4著
701  0 @a张宏@Azhang hong@c(媒体经济)@4著
801  0 @aCN@bRULIN@c20070517
905    @dJ941.1@e199@s8
    
    电视剧制片管理:从项目策划到市场营销/陈晓春,张宏著.-北京:北京大学出版社,2005
    12,420页;23cm+光盘1片.-(北京大学影视艺术丛书)
    
    
    ISBN 7-301-07814-5:CNY48.00(含光盘)
    本书试图从学术上建构制片管理这门学科的内容体系,包括制片管理导论、电视剧项目的总体策划、电视剧项目的题材选择、电视剧项目的剧本策划等。
●
相关链接 在E读中查询图书 在五车中查询图书 在当当中查询图书 在豆瓣中查询图书


正题名:电视剧制片管理     索取号:J941.1/199         预约/预借

序号 登录号 条形码 馆藏地/架位号 状态 备注
1 0577413   205774134   第一样本阅览室/ [索取号:J941.1/199] 在馆    
2 0577414   205774143   第一借阅区/ [索取号:J941.1/199] 在馆    
3 0577415   205774152   第一借阅区/ [索取号:J941.1/199] 在馆    
4 0577416   205774161   第一借阅区/ [索取号:J941.1/199] 在馆    
5 0577417   205774170   第一借阅区/ [索取号:J941.1/199] 在馆    
6 0577418   205774189   第一借阅区/ [索取号:J941.1/199] 在馆    
7 0577419   205774198   第一借阅区/ [索取号:J941.1/199] 在馆    
8 0577420   205774205   第一借阅区/ [索取号:J941.1/199] 在馆    
唐山师范学院图书馆 欢迎您!
大连网信软件有限公司© 版权所有